[Event "Madrid ch 2016/2017 - Previa A"]
[Site "Madrid ESP"]
[Date "2017.02.13"]
[Round "4.10"]
[White "Roldan Garcia, Angel"]
[Black "Garcia Donoso, Alberto"]
[Result "1-0"]
[WhiteElo "1794"]
[BlackElo "1678"]
[PlyCount "57"]
[EventDate "2017.02.06"]
[EventType "swiss"]
[EventRounds "9"]
[EventCountry "ESP"]
[SourceTitle "Ajedrez en Madrid"]
[Source "lmi"]
[SourceDate "2017.02.06"]
[SourceVersion "1"]
[SourceVersionDate "2017.02.21"]
[SourceQuality "1"]

1. e4 c5 2. Nf3 Nc6 3. c3 d5 4. exd5 Qxd5 5. d4 Bg4 6. Be2 e6 7. O-O cxd4 8.
cxd4 Bxf3 9. Bxf3 Qd7 10. d5 Nb4 11. dxe6 Qxd1 12. exf7+ Kxf7 13. Bxd1 Nf6 14.
Bb3+ Ke8 15. Re1+ Be7 16. Nc3 a6 17. Be3 b5 18. Bc5 Nc6 19. Nd5 Nxd5 20. Bxd5
Rc8 21. Bxc6+ Rxc6 22. Bxe7 Kf7 23. Bb4 Rhc8 24. Bc3 Rc4 25. a3 R8c7 26. Rad1
R4c6 27. h3 g6 28. Rd3 Ra7 29. Rf3+ 1-0

[Event "Madrid ch 2016/2017 - Previa A"]
[Site "Madrid ESP"]
[Date "2017.02.13"]
[Round "4.11"]
[White "Saber, Salah"]
[Black "Jaumandreu Llopis, Antonio"]
[Result "1/2-1/2"]
[WhiteElo "1783"]
[BlackElo "1541"]
[PlyCount "118"]
[EventDate "2017.02.06"]
[EventType "swiss"]
[EventRounds "9"]
[EventCountry "ESP"]
[SourceTitle "Ajedrez en Madrid"]
[Source "lmi"]
[SourceDate "2017.02.06"]
[SourceVersion "1"]
[SourceVersionDate "2017.02.21"]
[SourceQuality "1"]

1. d4 Nf6 2. c4 c5 3. d5 b5 4. cxb5 a6 5. e3 axb5 6. Bxb5 Qa5+ 7. Nc3 Ne4 8.
Nge2 Nxc3 9. Nxc3 Ba6 10. Be2 d6 11. O-O Nd7 12. Bd2 Bxe2 13. Qxe2 Rb8 14. b3
Nf6 15. Ne4 Qb5 16. Nxf6+ gxf6 17. Qxb5+ Rxb5 18. Rfc1 Bg7 19. Rc4 O-O 20. h4
Ra8 21. Bc3 f5 22. Bxg7 Kxg7 23. Rcc1 Ra3 24. Kf1 Rba5 25. Rc2 Rb5 26. Rd1 Kf6
27. Ke2 Rba5 28. Rdd2 Ra6 29. g3 h5 30. Kd3 Ke5 31. Ke2 Ra8 32. f4+ Kf6 33. Kd3
R8a7 34. Re2 Ra8 35. Kc3 R8a7 36. Kd3 Ra8 37. Red2 Rg8 38. Rg2 Rga8 39. e4 R8a5
40. exf5 Kxf5 41. Rce2 Ra7 42. Rc2 Ra8 43. Rge2 R8a7 44. Ke3 Kg4 45. Kf2 f6 46.
Kg2 c4 47. Rxc4 Rxa2 48. Rce4 R2a3 49. Rf2 Kf5 50. Re3 Rb7 51. Rb2 Ra1 52. Kf3
Rd1 53. Rbe2 Rxd5 54. Rxe7 Rxb3+ 55. R2e3 Rdd3 56. Rxd3 Rxd3+ 57. Kf2 Kg4 58.
Rg7+ Kf5 59. Re7 Kg4 1/2-1/2

[Event "Madrid ch 2016/2017 - Previa A"]
[Site "Madrid ESP"]
[Date "2017.02.13"]
[Round "4.12"]
[White "Martinez Miura, Enrique"]
[Black "Cruz Gonzalez, Antonio"]
[Result "1/2-1/2"]
[WhiteElo "1660"]
[BlackElo "1817"]
[PlyCount "95"]
[EventDate "2017.02.06"]
[EventType "swiss"]
[EventRounds "9"]
[EventCountry "ESP"]
[SourceTitle "Ajedrez en Madrid"]
[Source "lmi"]
[SourceDate "2017.02.06"]
[SourceVersion "1"]
[SourceVersionDate "2017.02.21"]
[SourceQuality "1"]

1. e4 c5 2. c4 Nc6 3. Nc3 g6 4. g3 Bg7 5. Bg2 e6 6. Nge2 Nge7 7. O-O O-O 8. d3
Rb8 9. f4 d6 10. Be3 Nd4 11. Bf2 Nec6 12. Nxd4 Nxd4 13. Ne2 b6 14. Nxd4 cxd4
15. b4 Bb7 16. Qb3 Qd7 17. Qb2 e5 18. Qb3 Kh8 19. a4 f5 20. Bh3 Qf7 21. exf5
gxf5 22. fxe5 Qh5 23. Bg2 Bxg2 24. Kxg2 Bxe5 25. Qd1 Qg6 26. a5 f4 27. axb6 f3+
28. Kh1 axb6 29. Ra7 Qh5 30. Qa1 Qg4 31. Qa4 Rg8 32. Qc6 Rbf8 33. Qxb6 Qh3 34.
Rg1 Rf6 35. Bxd4 Rh6 36. Bxe5+ dxe5 37. Qf2 Qf5 38. Rd1 Rd6 39. Re7 Rgd8 40. b5
Rxd3 41. Rxd3 Rxd3 42. Re8+ Kg7 43. Qa7+ Rd7 44. Qa1 f2 45. Kg2 Qe4+ 46. Kh3
Qf5+ 47. Kg2 Qe4+ 48. Kh3 1/2-1/2

[Event "Madrid ch 2016/2017 - Previa A"]
[Site "Madrid ESP"]
[Date "2017.02.13"]
[Round "4.13"]
[White "Garcia Diez, Mariano"]
[Black "Ballesteros Jimenez, Miguel A"]
[Result "1-0"]
[WhiteElo "1911"]
[BlackElo "1592"]
[PlyCount "79"]
[EventDate "2017.02.06"]
[EventType "swiss"]
[EventRounds "9"]
[EventCountry "ESP"]
[SourceTitle "Ajedrez en Madrid"]
[Source "lmi"]
[SourceDate "2017.02.06"]
[SourceVersion "1"]
[SourceVersionDate "2017.02.21"]
[SourceQuality "1"]

1. e4 c5 2. Nf3 e6 3. d3 Nc6 4. Nbd2 d5 5. g3 Nf6 6. Bg2 Be7 7. O-O Qc7 8. Re1
b6 9. Nf1 Bb7 10. e5 Ng4 11. Bf4 h5 12. h3 g5 13. Nxg5 Bxg5 14. Bxg5 Ngxe5 15.
Qe2 Ng6 16. Bf6 Rg8 17. Bxd5 Nce7 18. Bxb7 Qxb7 19. Bxe7 Qxe7 20. Qe4 O-O-O 21.
Qa8+ Kd7 22. Qxa7+ Ke8 23. Qxe7+ Kxe7 24. Kh2 Rd4 25. Ne3 Kf6 26. Ng2 Ne5 27.
Re3 c4 28. f4 Ng6 29. dxc4 Rxc4 30. Re2 Rd8 31. Rae1 Rcd4 32. Re4 Rd2 33. R1e2
R8d4 34. Rxd4 Rxe2 35. Rc4 Ne7 36. g4 hxg4 37. hxg4 Nd5 38. Kg3 Rd2 39. g5+ Kf5
40. Nh4# 1-0

[Event "Madrid ch 2016/2017 - Previa A"]
[Site "Madrid ESP"]
[Date "2017.02.13"]
[Round "4.14"]
[White "Sanchez Hernandez, Guillermo"]
[Black "Ortega Morales, Pedro"]
[Result "0-1"]
[WhiteElo "1781"]
[BlackElo "1760"]
[PlyCount "58"]
[EventDate "2017.02.06"]
[EventType "swiss"]
[EventRounds "9"]
[EventCountry "ESP"]
[SourceTitle "Ajedrez en Madrid"]
[Source "lmi"]
[SourceDate "2017.02.06"]
[SourceVersion "1"]
[SourceVersionDate "2017.02.21"]
[SourceQuality "1"]

1. e4 e5 2. Nf3 Nc6 3. Bb5 Nf6 4. O-O Nxe4 5. d4 Nd6 6. Bxc6 dxc6 7. dxe5 Nf5
8. Qxd8+ Kxd8 9. Nc3 h6 10. Rd1+ Ke8 11. h3 Ne7 12. Ne2 b6 13. b3 a5 14. a4 c5
15. Nc3 Be6 16. Nb5 Rc8 17. c4 Nc6 18. Bf4 Be7 19. g4 h5 20. Nh2 g5 21. Bc1
hxg4 22. Nxg4 Bxg4 23. hxg4 Rh4 24. f3 Nxe5 25. Kg2 f6 26. Bb2 Ng6 27. Rh1 Kf7
28. Rad1 Rxh1 29. Rxh1 Rd8 0-1

[Event "Madrid ch 2016/2017 - Previa A"]
[Site "Madrid ESP"]
[Date "2017.02.13"]
[Round "4.15"]
[White "Villodre Miranda, Juan Alonso"]
[Black "Enriquez Pastor, Jorge"]
[Result "1-0"]
[WhiteElo "1596"]
[BlackElo "1438"]
[PlyCount "173"]
[EventDate "2017.02.06"]
[EventType "swiss"]
[EventRounds "9"]
[EventCountry "ESP"]
[SourceTitle "Ajedrez en Madrid"]
[Source "lmi"]
[SourceDate "2017.02.06"]
[SourceVersion "1"]
[SourceVersionDate "2017.02.21"]
[SourceQuality "1"]

1. c4 e5 2. e4 Nc6 3. Nc3 Nf6 4. d3 d6 5. h3 Be7 6. g3 Bd7 7. Bg2 Nd4 8. Nge2
Nxe2 9. Nxe2 Bc6 10. O-O Nd7 11. f4 Bf6 12. f5 Bg5 13. b4 Bxc1 14. Qxc1 b6 15.
b5 Bb7 16. a4 Nc5 17. Qc2 Qg5 18. Kh2 h5 19. h4 Qe7 20. Bh3 Qf6 21. Nc1 Qh6 22.
Qf2 Qf6 23. Qe3 Qh6 24. Qg5 f6 25. Qxh6 Rxh6 26. Rf2 O-O-O 27. a5 bxa5 28. Rxa5
a6 29. bxa6 Bxa6 30. Rfa2 Kb7 31. Kg2 Ra8 32. Rb2+ Kc6 33. Kf3 Rhh8 34. Ra1 Bb7
35. Rba2 Rxa2 36. Rxa2 Ra8 37. Rxa8 Bxa8 38. Ke3 Kd7 39. Bf1 Bc6 40. Be2 Ba4
41. Bxh5 Ke7 42. Na2 Na6 43. Nc3 Bc6 44. g4 Kf8 45. g5 Nc5 46. g6 Ke7 47. Bd1
Kd8 48. h5 Ke7 49. Bc2 Kf8 50. Nd1 Ba4 51. Bxa4 Nxa4 52. Nf2 Nc5 53. Ng4 Nd7
54. h6 gxh6 55. Nxh6 Kg7 56. Nf7 Nc5 57. Nd8 Na6 58. Ne6+ Kg8 59. Kd2 c5 60.
Nd8 Nc7 61. Nb7 Ne8 62. Kc2 Kf8 63. Kb3 Ke7 64. Ka4 Kd7 65. Na5 Kc7 66. Kb5 Ng7
67. Nc6 Kd7 68. Na5 Kc7 69. Nb3 Nh5 70. Nc1 Kd7 71. Ne2 Ke7 72. Ka4 Nf4 73. Nc1
Nh5 74. Kb3 Ng7 75. Kc3 Ne8 76. Kd2 Ng7 77. Ke3 Ne8 78. Ne2 Kf8 79. Kf3 Ng7 80.
Kg4 Ne8 81. Ng3 Kg7 82. Nh5+ Kh6 83. Kh4 Nc7 84. Nxf6 Na6 85. Ng4+ Kg7 86. f6+
Kg8 87. Nh6+ 1-0

[Event "Madrid ch 2016/2017 - Previa A"]
[Site "Madrid ESP"]
[Date "2017.02.13"]
[Round "4.16"]
[White "Cardena Contreras, Javier"]
[Black "Beekhof Harmsen, Willen"]
[Result "1-0"]
[WhiteElo "1935"]
[BlackElo "1561"]
[PlyCount "77"]
[EventDate "2017.02.06"]
[EventType "swiss"]
[EventRounds "9"]
[EventCountry "ESP"]
[SourceTitle "Ajedrez en Madrid"]
[Source "lmi"]
[SourceDate "2017.02.06"]
[SourceVersion "1"]
[SourceVersionDate "2017.02.21"]
[SourceQuality "1"]

1. e4 g6 2. d4 Bg7 3. Nc3 d6 4. Nf3 a6 5. Be3 b5 6. a3 Bb7 7. Be2 Nd7 8. O-O e6
9. Qd2 Ne7 10. Bh6 Bxh6 11. Qxh6 Ng8 12. Qe3 Ngf6 13. Rad1 O-O 14. e5 Nd5 15.
Qh6 f6 16. exd6 cxd6 17. Nh4 Qe8 18. Ne4 Qe7 19. Rd3 g5 20. Rg3 Nf4 21. Bd3
Bxe4 22. Bxe4 Ne2+ 23. Kh1 Nxg3+ 24. fxg3 d5 25. Bd3 gxh4 26. gxh4 Qg7 27. Qh5
f5 28. Qe2 Rae8 29. Rf3 Kh8 30. c3 Nf6 31. Rg3 Qh6 32. h3 Qxh4 33. Qf2 Ne4 34.
Rg8+ Rxg8 35. Qxh4 Rg6 36. Qf4 h6 37. h4 Reg8 38. g4 Rxg4 39. Qxh6# 1-0

[Event "Madrid ch 2016/2017 - Previa A"]
[Site "Madrid ESP"]
[Date "2017.02.13"]
[Round "4.17"]
[White "Gortazar Rubial, Javier Maria"]
[Black "Sotoca Aguado, Jose"]
[Result "1/2-1/2"]
[WhiteElo "1569"]
[BlackElo "1911"]
[PlyCount "84"]
[EventDate "2017.02.06"]
[EventType "swiss"]
[EventRounds "9"]
[EventCountry "ESP"]
[SourceTitle "Ajedrez en Madrid"]
[Source "lmi"]
[SourceDate "2017.02.06"]
[SourceVersion "1"]
[SourceVersionDate "2017.02.21"]
[SourceQuality "1"]

1. e4 e6 2. d4 d5 3. e5 c5 4. c3 Nc6 5. Nf3 Qb6 6. a3 c4 7. Nbd2 Be7 8. b3 cxb3
9. Nxb3 Bd7 10. Be3 Na5 11. Nc5 Bxc5 12. dxc5 Qc7 13. Be2 Ne7 14. Bd3 Ng6 15.
Bd4 Nf4 16. O-O Nxd3 17. Qxd3 a6 18. a4 Nc4 19. Rfb1 h6 20. Nd2 Nxd2 21. Qxd2
O-O 22. Re1 Qd8 23. Qc2 Qg5 24. Re3 Qg6 25. Qd2 Rac8 26. Rg3 Qh7 27. Be3 f5 28.
Bxh6 Rf7 29. Be3 f4 30. Bxf4 Rxc5 31. Be3 Rc4 32. a5 Rh4 33. h3 Re4 34. Bd4
Ref4 35. Rg4 R4f5 36. Re1 Rh5 37. Rg5 Rh4 38. Rg4 Rxg4 39. hxg4 Bb5 40. Qe3 Qg6
41. f3 Rc7 42. Qf2 Qg5 1/2-1/2

[Event "Madrid ch 2016/2017 - Previa A"]
[Site "Madrid ESP"]
[Date "2017.02.13"]
[Round "4.18"]
[White "Santamaria Baeza, Adolfo"]
[Black "Castro Uceda, Jose Antonio"]
[Result "1-0"]
[WhiteElo "1872"]
[BlackElo "1532"]
[PlyCount "79"]
[EventDate "2017.02.06"]
[EventType "swiss"]
[EventRounds "9"]
[EventCountry "ESP"]
[SourceTitle "Ajedrez en Madrid"]
[Source "lmi"]
[SourceDate "2017.02.06"]
[SourceVersion "1"]
[SourceVersionDate "2017.02.21"]
[SourceQuality "1"]

1. e4 c5 2. Nf3 d6 3. d4 cxd4 4. Qxd4 Nc6 5. Bb5 Bd7 6. Bxc6 Bxc6 7. Nc3 Nf6 8.
Bg5 e6 9. O-O Be7 10. Rad1 d5 11. e5 Nd7 12. Bc1 O-O 13. Qg4 Re8 14. Bh6 Bf8
15. Rfe1 Qb6 16. Bc1 Rad8 17. Ne2 Nc5 18. Ned4 Ne4 19. c3 Bb5 20. Qh4 Be7 21.
Qg4 Rc8 22. h4 Qa6 23. h5 Rc4 24. Bh6 Bf8 25. Bxg7 f5 26. exf6 Rc7 27. Bxf8+
Kxf8 28. Qf4 Rf7 29. Qh6+ Kg8 30. Ng5 Nxg5 31. Qxg5+ Kh8 32. Qe5 Bd7 33. Nf3 h6
34. Nh4 Qc4 35. Rd4 Qxa2 36. Rg4 Rg8 37. Rg6 Rxg6 38. hxg6 Be8 39. Qxe6 Qa4 40.
Qxe8+ 1-0

[Event "Madrid ch 2016/2017 - Previa A"]
[Site "Madrid ESP"]
[Date "2017.02.13"]
[Round "4.19"]
[White "Lopez Orellana, Federico"]
[Black "Martin Rodriguez, Jose Luis"]
[Result "1-0"]
[WhiteElo "1754"]
[BlackElo "1321"]
[PlyCount "29"]
[EventDate "2017.02.06"]
[EventType "swiss"]
[EventRounds "9"]
[EventCountry "ESP"]
[SourceTitle "Ajedrez en Madrid"]
[Source "lmi"]
[SourceDate "2017.02.06"]
[SourceVersion "1"]
[SourceVersionDate "2017.02.21"]
[SourceQuality "1"]

1. d4 Nf6 2. Bf4 c5 3. e3 cxd4 4. exd4 Qb6 5. Nf3 Qxb2 6. Nbd2 Nd5 7. Nc4 Qb4+
8. Bd2 Qa4 9. a3 d6 10. Bd3 g6 11. Qe2 Be6 12. Nxd6+ Kd8 13. Bb5 Qxc2 14. Ba5+
b6 15. Qxc2 1-0

[Event "Madrid ch 2016/2017 - Previa A"]
[Site "Madrid ESP"]
[Date "2017.02.13"]
[Round "4.21"]
[White "Suarez Arellano, Jorge"]
[Black "Diaz Begonte, Manuel"]
[Result "1-0"]
[WhiteElo "1518"]
[BlackElo "1664"]
[PlyCount "57"]
[EventDate "2017.02.06"]
[EventType "swiss"]
[EventRounds "9"]
[EventCountry "ESP"]
[SourceTitle "Ajedrez en Madrid"]
[Source "lmi"]
[SourceDate "2017.02.06"]
[SourceVersion "1"]
[SourceVersionDate "2017.02.21"]
[SourceQuality "1"]

1. e4 d5 2. exd5 Nf6 3. d4 Nxd5 4. Nf3 Nc6 5. c4 Nb6 6. d5 Nb8 7. Bd3 e6 8. Qe2
Bb4+ 9. Nbd2 O-O 10. dxe6 Bxe6 11. O-O h6 12. Nb3 Re8 13. Qc2 Bf8 14. Bf4 Nc6
15. a3 Bg4 16. Rad1 Qf6 17. Bxc7 Bxf3 18. gxf3 Qxf3 19. Nd2 Qg4+ 20. Kh1 Nd4
21. Qb1 Rac8 22. Rg1 Qd7 23. Bf4 Qh3 24. Rg3 Qh4 25. Be3 Rcd8 26. Rdg1 Qf6 27.
Rh3 Kh8 28. Bg5 Qxf2 29. Rf1 1-0

[Event "Madrid ch 2016/2017 - Previa A"]
[Site "Madrid ESP"]
[Date "2017.02.13"]
[Round "4.24"]
[White "Rufo Yebra, Benito"]
[Black "Ramos Antona, Enrique"]
[Result "0-1"]
[WhiteElo "1343"]
[BlackElo "1613"]
[PlyCount "90"]
[EventDate "2017.02.06"]
[EventType "swiss"]
[EventRounds "9"]
[EventCountry "ESP"]
[SourceTitle "Ajedrez en Madrid"]
[Source "lmi"]
[SourceDate "2017.02.06"]
[SourceVersion "1"]
[SourceVersionDate "2017.02.21"]
[SourceQuality "1"]

1. d4 d5 2. Nf3 c6 3. e3 Nf6 4. Nc3 Bf5 5. Bd3 Bxd3 6. Qxd3 h6 7. Bd2 Na6 8. a3
e6 9. e4 dxe4 10. Nxe4 Nxe4 11. Qxe4 Bd6 12. Qe2 O-O 13. h4 c5 14. O-O-O Qc7
15. Bc3 Rae8 16. h5 cxd4 17. Rxd4 Qe7 18. Rg4 e5 19. Nh4 Qe6 20. Qc4 Nc5 21.
Rh3 Qxc4 22. Rxc4 Ne6 23. Rg3 f5 24. Ng6 Nd4 25. Kd1 Rf7 26. Bb4 Bxb4 27. axb4
Rd7 28. Rd3 Rdd8 29. Rc7 e4 30. Re3 Nb5+ 31. Ke2 Nxc7 32. Nf4 Nd5 33. Nxd5 Rxd5
34. f3 Red8 35. fxe4 Rd2+ 36. Kf3 fxe4+ 37. Rxe4 Rxc2 38. Re7 Rf8+ 39. Kg3 Rf7
40. Re8+ Kh7 41. b5 Rxb2 42. Re5 Rff2 43. Rc5 Rxg2+ 44. Kf4 Rb4+ 45. Kf3 Rg5
0-1

[Event "Madrid ch 2016/2017 - Previa A"]
[Site "Madrid ESP"]
[Date "2017.02.13"]
[Round "4.25"]
[White "Cupeiro Fernandez, Manuel"]
[Black "Gonzalez Recas, Fernando"]
[Result "1-0"]
[WhiteElo "1511"]
[BlackElo "1701"]
[PlyCount "111"]
[EventDate "2017.02.06"]
[EventType "swiss"]
[EventRounds "9"]
[EventCountry "ESP"]
[SourceTitle "Ajedrez en Madrid"]
[Source "lmi"]
[SourceDate "2017.02.06"]
[SourceVersion "1"]
[SourceVersionDate "2017.02.21"]
[SourceQuality "1"]

1. e4 e5 2. Nf3 Nc6 3. Bc4 Nf6 4. d3 Be7 5. a3 h6 6. h3 a6 7. Be3 b5 8. Ba2 d5
9. exd5 Nxd5 10. Bd2 Be6 11. Nc3 Nxc3 12. Bxc3 Bxa2 13. Rxa2 Qd5 14. Ra1 Rd8
15. O-O O-O 16. Qe2 Bf6 17. Rad1 Rfe8 18. Rfe1 Re6 19. Qe4 Qd6 20. Rd2 a5 21.
Rde2 b4 22. axb4 axb4 23. Bd2 Rde8 24. Qg4 Kh7 25. Re4 Nd4 26. Nxd4 exd4 27.
Rxe6 Rxe6 28. Rxe6 fxe6 29. Qe4+ g6 30. Qb7 Be7 31. Qe4 Bf6 32. h4 Qd5 33. Qxd5
exd5 34. g3 c5 35. b3 Kg7 36. Bf4 Be7 37. Kg2 Kf6 38. Bxh6 Kf5 39. Kh3 Bd6 40.
f4 Be7 41. g4+ Ke6 42. Bg5 Bd6 43. Kg3 Bc7 44. h5 gxh5 45. gxh5 Kf5 46. h6 Kg6
47. Kg4 Bd6 48. f5+ Kh7 49. Kh5 Bb8 50. f6 Bd6 51. f7 Bf8 52. Bf4 Be7 53. Kg4
Kg6 54. h7 Kxh7 55. Kf5 Kg7 56. Ke6 1-0

[Event "Madrid ch 2016/2017 - Previa A"]
[Site "Madrid ESP"]
[Date "2017.02.13"]
[Round "4.26"]
[White "Sierra Garcia, Ricardo"]
[Black "Montejano Siguero, Sonia"]
[Result "0-1"]
[WhiteElo "1404"]
[BlackElo "1483"]
[PlyCount "104"]
[EventDate "2017.02.06"]
[EventType "swiss"]
[EventRounds "9"]
[EventCountry "ESP"]
[SourceTitle "Ajedrez en Madrid"]
[Source "lmi"]
[SourceDate "2017.02.06"]
[SourceVersion "1"]
[SourceVersionDate "2017.02.21"]
[SourceQuality "1"]

1. e4 c5 2. Nf3 Nc6 3. d4 cxd4 4. Nxd4 e5 5. Nb3 Nf6 6. Bd3 Bc5 7. O-O O-O 8.
Nxc5 d6 9. Nb3 Bg4 10. f3 Bh5 11. Bg5 a5 12. a4 Qb6+ 13. Kh1 Nd7 14. Bb5 Nc5
15. Be3 Qc7 16. Nxc5 dxc5 17. Nc3 Nb4 18. Nd5 Nxd5 19. exd5 Rfd8 20. Bc4 Rd6
21. Ba2 Rad8 22. c4 f5 23. g4 fxg4 24. fxg4 Bf7 25. Bb1 Rxd5 26. cxd5 Bxd5+ 27.
Kg1 Bc4 28. Qc2 Bd3 29. Qb3+ c4 30. Bb6 Qd6 31. Qa3 Qxb6+ 32. Rf2 e4 33. Bxd3
cxd3 34. Qe7 Qd6 35. Qxd6 Rxd6 36. Rd1 e3 37. Rf3 e2 38. Rfxd3 Rxd3 39. Re1 Rd2
40. Kf2 Rxb2 41. Rxe2 Rb4 42. Re7 Rxg4 43. Rxb7 Rxa4 44. Rb5 Ra2+ 45. Kg3 a4
46. h4 a3 47. Rb3 h5 48. Kf4 Rf2+ 49. Kg5 a2 50. Kg6 a1=Q 51. Rb8+ Rf8 52. Rb6
Rf6+ 0-1

[Event "Madrid ch 2016/2017 - Previa A"]
[Site "Madrid ESP"]
[Date "2017.02.13"]
[Round "4.27"]
[White "Suarez Mencia, Roberto"]
[Black "Bermudez Valles, Juan Alejandr"]
[Result "1-0"]
[WhiteElo "1454"]
[BlackElo "1359"]
[PlyCount "80"]
[EventDate "2017.02.06"]
[EventType "swiss"]
[EventRounds "9"]
[EventCountry "ESP"]
[SourceTitle "Ajedrez en Madrid"]
[Source "lmi"]
[SourceDate "2017.02.06"]
[SourceVersion "1"]
[SourceVersionDate "2017.02.21"]
[SourceQuality "1"]

1. c4 e5 2. g3 Nc6 3. Bg2 Nf6 4. e3 d5 5. cxd5 Nxd5 6. Ne2 Be6 7. O-O Qd7 8.
Nbc3 Bb4 9. Nxd5 Bxd5 10. e4 Bc4 11. b3 Bb5 12. a3 Ba5 13. b4 Bb6 14. a4 Bd3
15. Re1 Nxb4 16. Nc3 Nc2 17. Bb2 Qd4 18. Re3 Nxe3 19. dxe3 Qc4 20. Rc1 Rd8 21.
Qh5 Qe6 22. Nd5 g6 23. Qg5 Kd7 24. Bxe5 h6 25. Qf6 c6 26. Nf4 Qxf6 27. Bxf6 Kc7
28. Be5+ Kc8 29. Bh3+ f5 30. Bxh8 Bxe4 31. Nxg6 Kb8 32. Be5+ Ka8 33. Nh4 Rd5
34. Bg7 h5 35. f3 Bd3 36. Kh1 Bxe3 37. Re1 Bg5 38. Re8+ Bd8 39. Bf6 a6 40.
Rxd8+ Rxd8 1-0

[Event "Madrid ch 2016/2017 - Previa A"]
[Site "Madrid ESP"]
[Date "2017.02.14"]
[Round "5.1"]
[White "Rosa Ramirez, Victor D"]
[Black "Gil Sierra, Jacinto"]
[Result "1-0"]
[WhiteElo "1902"]
[BlackElo "1943"]
[PlyCount "67"]
[EventDate "2017.02.06"]
[EventType "swiss"]
[EventRounds "9"]
[EventCountry "ESP"]
[SourceTitle "Ajedrez en Madrid"]
[Source "lmi"]
[SourceDate "2017.02.06"]
[SourceVersion "1"]
[SourceVersionDate "2017.02.21"]
[SourceQuality "1"]

1. d4 f5 2. e4 fxe4 3. Nc3 Nf6 4. Bg5 g6 5. Bxf6 exf6 6. Nxe4 Qe7 7. Qe2 Bg7 8.
O-O-O d5 9. Nc3 Qxe2 10. Bxe2 c6 11. h4 h5 12. Nh3 Bxh3 13. Rxh3 Nd7 14. Kb1
Kf7 15. f3 Rae8 16. f4 f5 17. Rhd3 Re6 18. Bf3 Rhe8 19. Nxd5 cxd5 20. Bxd5 Kf8
21. Bxe6 Rxe6 22. c4 Nf6 23. d5 Re2 24. c5 Ne4 25. c6 Rxb2+ 26. Kc1 Ke8 27. Rb3
Rxb3 28. axb3 b6 29. Kc2 a5 30. b4 axb4 31. Kb3 Bc3 32. d6 Nd2+ 33. Kc2 Nc4 34.
d7+ 1-0

[Event "Madrid ch 2016/2017 - Previa A"]
[Site "Madrid ESP"]
[Date "2017.02.14"]
[Round "5.2"]
[White "Lopez Heras, Arturo"]
[Black "Lozano Sanchez, Jose Antonio"]
[Result "1-0"]
[WhiteElo "1862"]
[BlackElo "1843"]
[PlyCount "53"]
[EventDate "2017.02.06"]
[EventType "swiss"]
[EventRounds "9"]
[EventCountry "ESP"]
[SourceTitle "Ajedrez en Madrid"]
[Source "lmi"]
[SourceDate "2017.02.06"]
[SourceVersion "1"]
[SourceVersionDate "2017.02.21"]
[SourceQuality "1"]

1. d4 d5 2. c4 Nf6 3. Nc3 c6 4. Nf3 e6 5. cxd5 exd5 6. Qc2 Nbd7 7. Bg5 h6 8.
Bh4 Be7 9. e3 O-O 10. Bd3 Re8 11. O-O Nf8 12. Rae1 Nh5 13. Bxe7 Rxe7 14. Ne5
Nf6 15. f4 N6d7 16. Rf3 Nxe5 17. fxe5 Be6 18. Ref1 Nd7 19. Qf2 f6 20. exf6 Nxf6
21. Rxf6 gxf6 22. Qxf6 Qd7 23. Rf3 Rg7 24. Qxh6 Qe7 25. Rf6 Bd7 26. e4 dxe4 27.
Bc4+ 1-0

[Event "Madrid ch 2016/2017 - Previa A"]
[Site "Madrid ESP"]
[Date "2017.02.14"]
[Round "5.3"]
[White "Tirado Parra, Alberto"]
[Black "Fernandez Garcia, Ignacio"]
[Result "1-0"]
[WhiteElo "1903"]
[BlackElo "1856"]
[PlyCount "35"]
[EventDate "2017.02.06"]
[EventType "swiss"]
[EventRounds "9"]
[EventCountry "ESP"]
[SourceTitle "Ajedrez en Madrid"]
[Source "lmi"]
[SourceDate "2017.02.06"]
[SourceVersion "1"]
[SourceVersionDate "2017.02.21"]
[SourceQuality "1"]

1. f4 Nf6 2. Nf3 d6 3. Nc3 Bg4 4. e4 e5 5. h3 Bxf3 6. Qxf3 exf4 7. d4 Be7 8.
Bxf4 c6 9. O-O-O Qa5 10. e5 dxe5 11. dxe5 Nfd7 12. Bc4 Nb6 13. Bxf7+ Kxf7 14.
Bg5+ Bf6 15. Bxf6 Rf8 16. Bh4+ Kg8 17. Qxf8+ Kxf8 18. Rhf1+ 1-0

[Event "Madrid ch 2016/2017 - Previa A"]
[Site "Madrid ESP"]
[Date "2017.02.14"]
[Round "5.4"]
[White "Roldan Garcia, Angel"]
[Black "Serrano Garcia, Vicente"]
[Result "1/2-1/2"]
[WhiteElo "1794"]
[BlackElo "1822"]
[PlyCount "61"]
[EventDate "2017.02.06"]
[EventType "swiss"]
[EventRounds "9"]
[EventCountry "ESP"]
[SourceTitle "Ajedrez en Madrid"]
[Source "lmi"]
[SourceDate "2017.02.06"]
[SourceVersion "1"]
[SourceVersionDate "2017.02.21"]
[SourceQuality "1"]

1. e4 e5 2. Nf3 Nc6 3. Bb5 a6 4. Ba4 Nf6 5. d3 d6 6. c3 h6 7. h3 Be6 8. O-O Be7
9. Re1 b5 10. Bc2 O-O 11. Nbd2 Nh7 12. Nf1 f5 13. d4 exd4 14. cxd4 Bd7 15. exf5
Bxf5 16. Bxf5 Rxf5 17. Qc2 Qd7 18. Ng3 Rf7 19. Bd2 Raf8 20. Be3 Ng5 21. Nxg5
Bxg5 22. Rf1 Kh8 23. Rad1 Bf4 24. Ne2 Bg5 25. Bxg5 hxg5 26. Qg6 Qf5 27. Qxf5
Rxf5 28. Rc1 Nb4 29. Rxc7 Nd3 30. f3 Nxb2 31. Rc6 1/2-1/2

[Event "Madrid ch 2016/2017 - Previa A"]
[Site "Madrid ESP"]
[Date "2017.02.14"]
[Round "5.5"]
[White "Jimenez Gonzalez, Marcos"]
[Black "Hernanz Villaoslada, Javier"]
[Result "1-0"]
[WhiteElo "1798"]
[BlackElo "1719"]
[PlyCount "97"]
[EventDate "2017.02.06"]
[EventType "swiss"]
[EventRounds "9"]
[EventCountry "ESP"]
[SourceTitle "Ajedrez en Madrid"]
[Source "lmi"]
[SourceDate "2017.02.06"]
[SourceVersion "1"]
[SourceVersionDate "2017.02.21"]
[SourceQuality "1"]

1. d4 Nf6 2. c4 g6 3. g3 Bg7 4. Bg2 O-O 5. Nc3 d6 6. Nf3 Nbd7 7. O-O e5 8. e4
exd4 9. Nxd4 a5 10. Be3 c6 11. h3 Nc5 12. Qc2 Nh5 13. Rad1 Nf6 14. Nxc6 bxc6
15. Bxc5 dxc5 16. Rxd8 Rxd8 17. e5 Bf5 18. Qa4 Nd7 19. f4 Nb6 20. Qxc6 Nxc4 21.
Nd5 Rac8 22. Ne7+ Kh8 23. Nxc8 Rxc8 24. Qa6 Ne3 25. g4 Be6 26. f5 gxf5 27. gxf5
Nxf5 28. Bd5 Re8 29. Bxe6 fxe6 30. Qc6 Rg8 31. Rxf5 exf5 32. e6 Bf8+ 33. Kf1
Rg7 34. Qf3 Be7 35. Qxf5 Rg6 36. Ke2 Rf6 37. Qe5 Kg8 38. Qb8+ Kg7 39. Qc7 Rxe6+
40. Kf3 Kg6 41. Qxa5 Rd6 42. Qb5 Rd4 43. a4 Rb4 44. Qd3+ Kf6 45. a5 c4 46. Qd4+
Ke6 47. a6 Bd6 48. a7 Rb3+ 49. Qc3 1-0